[Event "IND-ch U15 Girls"]
[Site "Jammu"]
[Date "2015.09.24"]
[Round "6"]
[White "Chitlange, Sakshi"]
[Black "Sneha, GPS"]
[Result "1-0"]
[WhiteElo "1864"]
[BlackElo "1662"]
[PlyCount "113"]
[EventDate "2015.09.21"]
[EventType "swiss"]
[EventRounds "11"]
[EventCountry "IND"]
[SourceTitle "EXT 2016"]
[Source "ChessBase"]
[SourceDate "2015.10.08"]
[SourceVersion "1"]
[SourceVersionDate "2015.10.08"]
[SourceQuality "1"]

1. d4 d5 2. c4 e6 3. Nc3 Nf6 4. cxd5 exd5 5. Bg5 Be7 6. e3 c6 7. Bd3 0-0 8. Qc2 h6 9. Bh4 Re8 10. Nf3 Nbd7 11. 0-0 Ne4 12. Bxe7 Qxe7 13. Rab1 f5 14. b4 a6 15. a4 Ndf6 16. Ne5 Be6 17. Ne2 Kh7 18. b5 cxb5 19. axb5 Rec8 20. Qb2 a5 21. Ra1 b6 22. Rfc1 Bd7 23. Qb3 g6 24. Nf4 Qd6 25. Nfxg6 a4 26. Rxc8 axb3 27. Rcxa8 Qb4 28. Nf8+ Kg7 29. Nfxd7 b2 30. Rf1 Nd2 31. Nxf6 Kxf6 32. Rd1 Qb3 33. Raa1 bxa1Q 34. Rxa1 Nc4 35. Rb1 Qa2 36. Nc6 Ke6 37. Nd8+ Kf6 38. Nc6 Ke6 39. Nd8+ Kf6 40. Nc6 Nb2 41. Nb4 Qb3 42. Nxd5+ Kg7 43. Nf4 Kf6 44. Be2 Qc2 45. Ra1 Nc4 46. h3 Qb2 47. Rd1 Nd6 48. d5 Ke7 49. Bd3 Kf6 50. Nh5+ Kg5 51. Nf4 Kf6 52. h4 Qb3 53. Rc1 Ke5 54. Rc6 Qd1+ 55. Bf1 Qb1 56. Rxb6 Qb4 57. Nd3+ 1-0